000 00314nam a22001217a 4500
008 180426b xxu||||| |||| 00| 0 eng d
041 _aeng
080 _a043.3
100 _a0
101 _aINI-BTH
245 _aMaterialet polimere, analiza dhe përdorimi në inxhinieri ndërtimore
_cBallata,D
942 _2udc
_cBK
999 _c45611
_d45611